| 000 | 00839nam a22002297a 4500 | ||
|---|---|---|---|
| 003 | EG-ScBUE | ||
| 005 | 20221026132347.0 | ||
| 008 | 111103s1998 xx a f b 000 0c ara d | ||
| 017 | _a1998 / 2 / 257 | ||
| 040 |
_aEG-ScBUE _bara _erda _cEG-ScBUE _dEG-ScBUE |
||
| 082 | 0 | 4 |
_222 _a730.9 _bح د ا |
| 100 | 1 |
_927720 _aحداد، زياد، _eمؤلف. |
|
| 245 | 1 | 2 |
_aالنحت البنائي / _cزياد حداد، قاسم الحياني. |
| 264 | 1 |
_a[مكان النشر غير محدد] : _bدار الكندي، _c1998. |
|
| 300 |
_a152 صفحة : _bصور ؛ _c24 سم |
||
| 504 | _aيشتمل على إرجاعات ببليوجرافية. | ||
| 650 | 7 |
_926797 _aالنحت _yتاريخ. _2BUEsh |
|
| 653 |
_cNovember2011 _bART |
||
| 655 | _vReading book | ||
| 700 | 1 |
_927725 _aالحياني، قاسم، _eمؤلف. |
|
| 942 |
_2ddc _cBB |
||
| 999 |
_c16196 _d16196 |
||